[Event "Schachfestival Open-A 2018"]
[Site "Lueneburg"]
[Date "2018.07.08"]
[Round "4"]
[White "Simantsev, Mikhail"]
[Black "Mirzoev, Azer"]
[Result "1/2-1/2"]
[WhiteElo "2434"]
[BlackElo "2506"]
[Annotator "ChessBase"]
[PlyCount "22"]
[EventDate "2018.07.06"]
[EventType "swiss"]
[EventCountry "GER"]
[SourceTitle "playchess.com"]
[Source "ChessBase"]
[SourceQuality "1"]
[TimeControl "40/5400+30:1800+30"]

1. d4 {[%emt 0:00:00]} d5 {[%emt 0:08:52]} 2. c4 {[%emt 0:00:00]} dxc4 {[%emt 0:00:19]} 3. e4 {[%emt 0:02:50]} Nf6 {[%emt 0:00:24]} 4. e5 {[%emt 0:00:09]} Nd5 {[%emt 0:01:07]} 5. Bxc4 {[%emt 0:00:07]} Nb6 {[%emt 0:00:34]} 6. Bb3 {[%emt 0:00:49]} Nc6 {[%emt 0:02:09]} 7. Nf3 {[%emt 0:01:08]} Bg4 {[%emt 0:01:27]} 8. Ng5 {[%emt 0:00:25]} Bxd1 {[%emt 0:03:09]} 9. Bxf7+ {[%emt 0:00:07]} Kd7 {[%emt 0:00:05]} 10. Be6+ {[%emt 0:00:04]} Ke8 {[%emt 0:00:03]} 11. Bf7+ {[%emt 0:00:06]} Kd7 {[%emt 0:00:09]} 1/2-1/2

[Event "Schachfestival Open-A 2018"]
[Site "Lueneburg"]
[Date "2018.07.08"]
[Round "4"]
[White "Sriram, Jha"]
[Black "Karpatchev, Aleksandr"]
[Result "1/2-1/2"]
[WhiteElo "2409"]
[BlackElo "2469"]
[Annotator "ChessBase"]
[PlyCount "31"]
[EventDate "2018.07.06"]
[EventType "swiss"]
[EventCountry "GER"]
[SourceTitle "playchess.com"]
[Source "ChessBase"]
[SourceQuality "1"]
[TimeControl "40/5400+30:1800+30"]

1. Nf3 {[%emt 0:02:46]} d5 {[%emt 0:00:00]} 2. g3 {[%emt 0:00:27]} g6 {[%emt 0:03:55]} 3. Bg2 {[%emt 0:03:26]} Bg7 {[%emt 0:00:06]} 4. d4 {[%emt 0:00:44]} Nf6 {[%emt 0:01:08]} 5. O-O {[%emt 0:00:15]} c6 {[%emt 0:00:23]} 6. c4 {[%emt 0:00:17]} dxc4 {[%emt 0:00:17]} 7. a4 {[%emt 0:00:10]} Ne4 {[%emt 0:01:02]} 8. Qc2 {[%emt 0:00:45]} Nd6 {[%emt 0:00:09]} 9. e4 {[%emt 0:00:02]} a5 {[%emt 0:06:29]} 10. Na3 {[%emt 0:01:21]} Na6 {[%emt 0:07:29]} 11. Nxc4 {[%emt 0:02:20]} Nb4 {[%emt 0:07:12]} 12. Nxd6+ exd6 13. Qd1 Bg4 14. h3 Bxf3 15. Bxf3 d5 16. Be3 1/2-1/2

[Event "Schachfestival Open-A 2018"]
[Site "Lueneburg"]
[Date "2018.07.08"]
[Round "4"]
[White "Hess, Christian Mathias"]
[Black "Utiatskaja, Irina"]
[Result "0-1"]
[WhiteElo "2243"]
[BlackElo "2155"]
[Annotator "NA"]
[PlyCount "60"]
[EventDate "2018.07.06"]
[EventType "swiss"]
[EventCountry "GER"]
[SourceTitle "playchess.com"]
[Source "ChessBase"]
[SourceQuality "1"]
[TimeControl "40/5400+30:1800+30"]

1. Nf3 {[%emt 0:00:00]} g6 {[%emt 0:00:04]} 2. e4 {[%emt 0:00:19]} Bg7 {[%emt 0:00:07]} 3. d4 {[%emt 0:00:06]} d6 {[%emt 0:00:13]} 4. Be2 {[%emt 0:01:41]} Nf6 {[%emt 0:03:47]} 5. Nc3 {[%emt 0:00:45]} O-O {[%emt 0:01:12]} 6. O-O {[%emt 0:00:11]} c6 {[%emt 0:07:51]} 7. a4 {[%emt 0:04:49]} Qc7 {[%emt 0:09:08]} 8. b3 {[%emt 0:22:30]} Rd8 {[%emt 0:10:31]} 9. Ba3 {[%emt 0:03:44]} a5 {[%emt 0:09:01]} 10. Re1 {[%emt 0:03:33]} Na6 {[%emt 0:01:22]} 11. Bc4 {[%emt 0:00:39]} h6 {[%emt 0:01:16]} 12. e5 {[%emt 0:02:18]} dxe5 {[%emt 0:00:31]} 13. Nxe5 {[%emt 0:02:01]} e6 {[%emt 0:02:37]} 14. Ne4 {[%emt 0:21:07]} Nxe4 {[%emt 0:10:36]} 15. Rxe4 {[%emt 0:00:03]} Kh7 {[%emt 0:00:49]} 16. Qf3 {[%emt 0:13:54]} f6 {[%emt 0:02:03]} 17. Nd3 {[%emt 0:09:41]} f5 {[%emt 0:00:55]} 18. Re2 {[%emt 0:00:16]} Bxd4 {[%emt 0:05:00]} 19. Rae1 {[%emt 0:00:17]} Bc3 {[%emt 0:01:16]} 20. Rf1 {[%emt 0:06:59]} e5 {[%emt 0:03:08]} 21. Nf4 {[%emt 0:00:32]} Bb4 {[%emt 0:01:00]} 22. Nxg6 {[%emt 0:03:50]} Kxg6 {[%emt 0:06:47]} 23. Qg3+ {[%emt 0:00:16]} Kh7 {[%emt 0:00:07]} 24. Bb2 {[%emt 0:00:56]} e4 {[%emt 0:02:20]} 25. Be5 {[%emt 0:00:49]} Bd6 {[%emt 0:02:20]} 26. f4 {[%emt 0:00:44]} Bxe5 {[%emt 0:05:01]} 27. fxe5 {[%emt 0:00:02]} b5 {[%emt 0:00:05]} 28. Rxe4 {[%emt 0:01:11]} bxc4 {[%emt 0:00:05]} 29. Rh4 {[%emt 0:00:27]} Qg7 {[%emt 0:02:53]} 30. Qf3 {[%emt 0:00:09]} Nb4 {[%emt 0:00:45]} 0-1

[Event "Schachfestival Open-A 2018"]
[Site "Lueneburg"]
[Date "2018.07.08"]
[Round "4"]
[White "Ngo, Minh Duc"]
[Black "Marxen, Peter"]
[Result "1/2-1/2"]
[WhiteElo "2191"]
[BlackElo "2068"]
[Annotator "NA"]
[PlyCount "151"]
[EventDate "2018.07.06"]
[EventType "swiss"]
[EventCountry "GER"]
[SourceTitle "playchess.com"]
[Source "ChessBase"]
[SourceQuality "1"]
[TimeControl "40/5400+30:1800+30"]

1. Nf3 {[%emt 0:00:00]} d5 {[%emt 0:00:01]} 2. b3 {[%emt 0:00:00]} Bf5 {[%emt 0:01:05]} 3. Bb2 {[%emt 0:00:00]} e6 {[%emt 0:00:11]} 4. e3 {[%emt 0:00:56]} h6 {[%emt 0:00:26]} 5. d4 {[%emt 0:01:30]} Nf6 {[%emt 0:01:32]} 6. Nbd2 {[%emt 0:00:24]} Nbd7 {[%emt 0:00:45]} 7. Be2 {[%emt 0:00:18]} Bd6 {[%emt 0:01:37]} 8. O-O {[%emt 0:00:27]} Qe7 {[%emt 0:00:18]} 9. c4 {[%emt 0:00:35]} Ba3 {[%emt 0:02:29]} 10. Bc3 {[%emt 0:05:15]} Bb4 {[%emt 0:02:00]} 11. Qc1 {[%emt 0:00:50]} Bxc3 {[%emt 0:00:32]} 12. Qxc3 {[%emt 0:00:03]} c6 {[%emt 0:00:43]} 13. Rfe1 {[%emt 0:05:33]} O-O {[%emt 0:01:23]} 14. Bd3 {[%emt 0:00:34]} Bxd3 {[%emt 0:01:18]} 15. Qxd3 {[%emt 0:00:02]} Rfe8 {[%emt 0:01:45]} 16. e4 {[%emt 0:00:07]} dxe4 {[%emt 0:01:50]} 17. Nxe4 {[%emt 0:00:05]} Nxe4 {[%emt 0:01:43]} 18. Qxe4 {[%emt 0:00:05]} Rad8 {[%emt 0:03:19]} 19. Rad1 {[%emt 0:00:29]} Nf6 {[%emt 0:04:42]} 20. Qf4 {[%emt 0:01:43]} a6 {[%emt 0:10:46]} 21. g4 {[%emt 0:04:00]} Qd6 {[%emt 0:04:55]} 22. Ne5 {[%emt 0:00:52]} Qe7 {[%emt 0:05:34]} 23. Qg3 {[%emt 0:04:10]} c5 {[%emt 0:03:43]} 24. dxc5 {[%emt 0:15:56]} Qxc5 {[%emt 0:02:51]} 25. Qf4 {[%emt 0:03:43]} Qe7 {[%emt 0:03:49]} 26. Qf3 {[%emt 0:05:15]} Nh7 {[%emt 0:09:01]} 27. Qe3 {[%emt 0:05:35]} Rxd1 {[%emt 0:01:52]} 28. Rxd1 {[%emt 0:00:04]} Rd8 {[%emt 0:00:44]} 29. Rxd8+ {[%emt 0:01:25]} Qxd8 {[%emt 0:00:02]} 30. Qd3 {[%emt 0:00:10]} Qa5 {[%emt 0:06:40]} 31. Nxf7 {[%emt 0:02:17]} Kxf7 {[%emt 0:02:20]} 32. Qxh7 {[%emt 0:00:04]} Qxa2 {[%emt 0:00:18]} 33. Qd3 {[%emt 0:00:23]} Qa1+ {[%emt 0:04:56]} 34. Kg2 {[%emt 0:00:10]} Qf6 {[%emt 0:00:45]} 35. c5 {[%emt 0:09:46]} Qe7 {[%emt 0:06:29]} 36. Qd4 {[%emt 0:02:15]} Qc7 {[%emt 0:04:48]} 37. h4 {[%emt 0:03:28]} Qc6+ {[%emt 0:02:26]} 38. Kg3 {[%emt 0:00:49]} Qh1 {[%emt 0:06:09]} 39. Qd7+ {[%emt 0:00:58]} Kf6 {[%emt 0:00:42]} 40. g5+ {[%emt 0:02:30]} hxg5 {[%emt 0:00:02]} 41. hxg5+ {[%emt 0:30:06]} Kxg5 {[%emt 0:30:43]} 42. Qxg7+ {[%emt 0:00:35]} Kf5 {[%emt 0:00:03]} 43. Qf7+ {[%emt 0:00:42]} Ke5 {[%emt 0:01:23]} 44. Qf4+ {[%emt 0:00:28]} Kd5 {[%emt 0:00:23]} 45. Qd6+ {[%emt 0:00:09]} Ke4 {[%emt 0:00:50]} 46. Qxe6+ {[%emt 0:00:02]} Kd4 {[%emt 0:00:59]} 47. Qc4+ {[%emt 0:01:30]} Ke5 {[%emt 0:00:19]} 48. f4+ {[%emt 0:00:53]} Kf6 {[%emt 0:00:22]} 49. Qd4+ {[%emt 0:00:24]} Kf7 {[%emt 0:01:45]} 50. Qd7+ {[%emt 0:02:07]} Kf6 {[%emt 0:00:41]} 51. Qd4+ {[%emt 0:02:00]} Kf5 {[%emt 0:00:00]} 52. Qe5+ {[%emt 0:00:00]} Kg6 {[%emt 0:00:00]} 53. f5+ {[%emt 0:00:00]} Kg5 {[%emt 0:00:00]} 54. Qf4+ {[%emt 0:00:00]} Kf6 {[%emt 0:00:00]} 55. Kf2 {[%emt 0:00:00]} Qb1 {[%emt 0:00:00]} 56. Qh6+ {[%emt 0:00:00]} Ke5 {[%emt 0:00:00]} 57. Qe6+ {[%emt 0:00:00]} Kf4 {[%emt 0:00:00]} 58. f6 {[%emt 0:00:00]} Qb2+ {[%emt 0:00:00]} 59. Kf1 {[%emt 0:00:10]} Qa1+ {[%emt 0:00:00]} 60. Kg2 {[%emt 0:00:43]} Qb2+ {[%emt 0:00:00]} 61. Kf1 {[%emt 0:01:01]} Qa1+ {[%emt 0:00:00]} 62. Ke2 {[%emt 0:00:22]} Qb2+ {[%emt 0:00:00]} 63. Kd3 {[%emt 0:00:29]} Qb1+ {[%emt 0:00:00]} 64. Kc3 {[%emt 0:01:14]} Qc1+ {[%emt 0:00:00]} 65. Kd3 {[%emt 0:03:14]} Qd1+ {[%emt 0:04:39]} 66. Kc3 {[%emt 0:03:25]} Qc1+ {[%emt 0:00:02]} 67. Kb4 {[%emt 0:00:53]} Qd2+ {[%emt 0:00:21]} 68. Ka3 {[%emt 0:01:10]} Qa5+ {[%emt 0:00:07]} 69. Kb2 {[%emt 0:00:11]} Qd2+ {[%emt 0:00:02]} 70. Kb1 {[%emt 0:00:26]} Qd1+ {[%emt 0:00:06]} 71. Ka2 {[%emt 0:01:11]} Qd2+ {[%emt 0:00:07]} 72. Ka1 {[%emt 0:01:13]} Qc1+ {[%emt 0:00:07]} 73. Ka2 {[%emt 0:00:05]} Qd2+ {[%emt 0:00:08]} 74. Kb1 {[%emt 0:01:26]} Qd1+ {[%emt 0:00:03]} 75. Kb2 {[%emt 0:00:10]} Qd2+ {[%emt 0:00:26]} 76. Kb1 1/2-1/2

[Event "Schachfestival Open-A 2018"]
[Site "Lueneburg"]
[Date "2018.07.08"]
[Round "4"]
[White "Kardoeus, David"]
[Black "Hesse, Henrik"]
[Result "0-1"]
[WhiteElo "2188"]
[BlackElo "2057"]
[Annotator "NA"]
[PlyCount "46"]
[EventDate "2018.07.06"]
[EventType "swiss"]
[EventCountry "GER"]
[SourceTitle "playchess.com"]
[Source "ChessBase"]
[SourceQuality "1"]
[TimeControl "40/5400+30:1800+30"]

1. e4 {[%emt 0:01:51]} c5 {[%emt 0:00:00]} 2. Nf3 {[%emt 0:00:14]} e6 {[%emt 0:00:01]} 3. d4 {[%emt 0:00:06]} cxd4 {[%emt 0:00:07]} 4. Nxd4 {[%emt 0:00:06]} Nc6 {[%emt 0:00:15]} 5. Nc3 {[%emt 0:00:11]} Qc7 {[%emt 0:00:10]} 6. Be3 $14 {[%emt 0:00:06] LiveBook: 7376 Games} a6 {[%emt 0:01:00]} 7. Qf3 {[%emt 0:01:19]} d6 {[%emt 0:01:25]} 8. O-O-O {[%emt 0:02:40]} Bd7 {[%emt 0:04:43]} 9. Qg3 {[%emt 0:05:26]} Nf6 {[%emt 0:02:14]} 10. Kb1 {[%emt 0:08:35]} g6 {[%emt 0:19:54]} 11. Be2 {[%emt 0:23:57]} b5 {[%emt 0:13:41]} 12. a3 {[%emt 0:11:57]} Rb8 {[%emt 0:10:31]} 13. Bg5 {[%emt 0:03:25]} Ng8 {[%emt 0:04:15]} 14. Rhe1 {[%emt 0:06:47]} h6 {[%emt 0:08:57]} 15. Be3 {[%emt 0:14:50]} Nf6 {[%emt 0:14:58]} 16. f4 {[%emt 0:01:41]} b4 {[%emt 0:04:02]} 17. axb4 {[%emt 0:01:20]} Nxb4 {[%emt 0:01:21]} 18. Nb3 {[%emt 0:03:31]} Nxe4 {[%emt 0:01:39]} 19. Qf3 {[%emt 0:04:59]} Nxc3+ {[%emt 0:00:39]} 20. bxc3 {[%emt 0:00:02]} Qxc3 {[%emt 0:00:45]} 21. Qe4 {[%emt 0:02:49]} Bg7 {[%emt 0:01:39]} 22. Bc1 {[%emt 0:04:08]} Nd3 {[%emt 0:01:06]} 23. Rxd3 {[%emt 0:00:36]} Qa1# {[%emt 0:00:33]} 0-1

[Event "Schachfestival Open-A 2018"]
[Site "Lueneburg"]
[Date "2018.07.08"]
[Round "4"]
[White "Herrmann, Andreas"]
[Black "Popvasilev, Kaloyan"]
[Result "0-1"]
[WhiteElo "2171"]
[BlackElo "2020"]
[Annotator "NA"]
[PlyCount "132"]
[EventDate "2018.07.06"]
[EventType "swiss"]
[EventCountry "GER"]
[SourceTitle "playchess.com"]
[Source "ChessBase"]
[SourceQuality "1"]
[TimeControl "40/5400+30:1800+30"]

1. d4 {[%emt 0:00:00]} Nf6 {[%emt 0:00:00]} 2. Nf3 {[%emt 0:00:00]} e6 {[%emt 0:00:03]} 3. Bf4 {[%emt 0:00:00]} b6 {[%emt 0:01:35]} 4. Nbd2 {[%emt 0:00:12]} Bb7 {[%emt 0:00:31]} 5. e3 {[%emt 0:00:09]} Be7 {[%emt 0:01:14]} 6. h3 {[%emt 0:00:21]} O-O {[%emt 0:00:38]} 7. Bd3 {[%emt 0:00:17]} c5 {[%emt 0:01:30]} 8. O-O {[%emt 0:00:22]} cxd4 {[%emt 0:01:29]} 9. exd4 {[%emt 0:00:12]} d6 {[%emt 0:01:06]} 10. Re1 {[%emt 0:00:14]} a6 {[%emt 0:01:16]} 11. a4 {[%emt 0:00:11]} Nbd7 {[%emt 0:01:16]} 12. c3 {[%emt 0:00:59]} Re8 {[%emt 0:00:36]} 13. Bh2 {[%emt 0:00:17]} Nf8 {[%emt 0:01:09]} 14. Qb3 {[%emt 0:02:37]} Ng6 {[%emt 0:02:51]} 15. a5 {[%emt 0:01:19]} b5 {[%emt 0:02:19]} 16. c4 {[%emt 0:00:13]} Bxf3 {[%emt 0:12:02]} 17. Nxf3 $11 {[%emt 0:00:13]} ({Much weaker is} 17. gxf3 bxc4 18. Nxc4 Nd5 $17) 17... bxc4 {[%emt 0:00:58]} 18. Bxc4 {[%emt 0:00:13]} Qb8 {[%emt 0:04:06]} 19. Qd3 {[%emt 0:01:14]} Qa7 {[%emt 0:01:37]} 20. Qe2 {[%emt 0:04:14]} Bf8 {[%emt 0:18:46]} 21. Bd3 {[%emt 0:00:41]} Reb8 {[%emt 0:06:32]} 22. Rec1 {[%emt 0:00:36]} Nd5 {[%emt 0:03:31]} 23. Bxg6 {[%emt 0:06:38]} hxg6 {[%emt 0:00:09]} 24. Rc6 {[%emt 0:03:55]} Qb7 {[%emt 0:06:42]} 25. Rac1 {[%emt 0:01:35]} Qxb2 {[%emt 0:03:05]} 26. Qxb2 {[%emt 0:00:20]} Rxb2 {[%emt 0:00:04]} 27. Bxd6 {[%emt 0:00:06]} Bxd6 {[%emt 0:11:49]} 28. Rxd6 {[%emt 0:00:08]} Ra2 {[%emt 0:05:09]} 29. Rc5 {[%emt 0:00:14]} Nf6 {[%emt 0:02:17]} 30. Ng5 {[%emt 0:00:15]} Kf8 {[%emt 0:03:22]} 31. Rc7 {[%emt 0:00:23]} Rxa5 {[%emt 0:01:17]} 32. f4 {[%emt 0:03:12]} Rxg5 {[%emt 0:00:59]} 33. fxg5 {[%emt 0:00:59]} Ne8 {[%emt 0:00:03]} 34. Rdd7 {[%emt 0:01:19]} Nxc7 {[%emt 0:00:05]} 35. Rxc7 {[%emt 0:00:03]} a5 {[%emt 0:00:07]} 36. Rc3 {[%emt 0:00:09]} a4 {[%emt 0:00:12]} 37. Ra3 {[%emt 0:00:06]} Ke7 {[%emt 0:01:28]} 38. Kf2 {[%emt 0:00:05]} Kd6 {[%emt 0:00:11]} 39. Ke3 {[%emt 0:00:06]} Kc6 {[%emt 0:01:41]} 40. Kd3 {[%emt 0:00:06]} Kb5 {[%emt 0:00:07]} 41. Kc3 {[%emt 0:30:05]} Rc8+ {[%emt 0:30:10]} 42. Kb2 {[%emt 0:00:07]} Kb4 {[%emt 0:01:18]} 43. Rf3 {[%emt 0:00:10]} Rc7 {[%emt 0:00:35]} 44. h4 {[%emt 0:00:44]} Ra7 {[%emt 0:00:00]} 45. Rf4 {[%emt 0:00:00]} a3+ {[%emt 0:00:00]} 46. Ka2 {[%emt 0:00:00]} Kc4 {[%emt 0:00:00]} 47. g4 {[%emt 0:00:00]} Kd3 {[%emt 0:00:00]} 48. h5 {[%emt 0:00:00]} Ke3 {[%emt 0:00:00]} 49. Rf1 {[%emt 0:00:00]} gxh5 {[%emt 0:00:00]} 50. gxh5 {[%emt 0:00:00]} Kxd4 {[%emt 0:00:00]} 51. g6 {[%emt 0:00:00]} f5 {[%emt 0:00:00]} 52. Rd1+ {[%emt 0:00:00]} Ke5 {[%emt 0:00:00]} 53. Rd8 {[%emt 0:00:00]} Kf6 {[%emt 0:00:00]} 54. Rf8+ {[%emt 0:00:00]} Kg5 {[%emt 0:00:00]} 55. Rf7 {[%emt 0:00:00]} Ra8 {[%emt 0:00:00]} 56. Rxg7 {[%emt 0:00:00]} Kxh5 {[%emt 0:00:00]} 57. Re7 {[%emt 0:00:00]} Kxg6 {[%emt 0:00:29]} 58. Rxe6+ {[%emt 0:00:00]} Kg5 {[%emt 0:00:06]} 59. Re1 {[%emt 0:00:00]} f4 {[%emt 0:01:15]} 60. Rg1+ {[%emt 0:00:00]} Kh4 {[%emt 0:00:12]} 61. Rh1+ {[%emt 0:00:00]} Kg3 {[%emt 0:01:07]} 62. Rg1+ {[%emt 0:00:00]} Kf2 {[%emt 0:00:14]} 63. Rg7 {[%emt 0:00:00]} f3 {[%emt 0:00:57]} 64. Rg6 {[%emt 0:00:00]} Ra5 {[%emt 0:00:37]} 65. Rg8 {[%emt 0:00:00]} Ke3 {[%emt 0:00:13]} 66. Re8+ {[%emt 0:00:00]} Kf4 {[%emt 0:00:06]} 0-1

[Event "Schachfestival Open-A 2018"]
[Site "Lueneburg"]
[Date "2018.07.08"]
[Round "4"]
[White "Thorsbro, Peter"]
[Black "Bente, Bjoern"]
[Result "1/2-1/2"]
[WhiteElo "2116"]
[BlackElo "2219"]
[Annotator "NA"]
[PlyCount "119"]
[EventDate "2018.07.06"]
[EventType "swiss"]
[EventCountry "GER"]
[SourceTitle "playchess.com"]
[Source "ChessBase"]
[SourceQuality "1"]
[TimeControl "40/5400+30:1800+30"]

1. d4 {[%emt 0:03:19]} e6 {[%emt 0:00:10]} 2. c4 {[%emt 0:00:06]} Nf6 {[%emt 0:00:04]} 3. Nc3 {[%emt 0:00:03]} Bb4 {[%emt 0:00:04]} 4. Qc2 {[%emt 0:00:03]} O-O {[%emt 0:00:16]} 5. a3 {[%emt 0:00:03]} Bxc3+ {[%emt 0:00:04]} 6. Qxc3 {[%emt 0:00:03]} b5 {[%emt 0:00:07]} 7. cxb5 {[%emt 0:00:42]} c6 {[%emt 0:00:05]} 8. Bg5 {[%emt 0:19:52]} cxb5 {[%emt 0:01:17]} 9. e3 {[%emt 0:06:05]} Bb7 {[%emt 0:00:16]} 10. Nf3 {[%emt 0:01:45]} a6 $14 {[%emt 0:00:36] LiveBook: 67 Games} 11. Bd3 {[%emt 0:06:06]} Nc6 {[%emt 0:00:59]} 12. O-O {[%emt 0:01:24]} Rc8 {[%emt 0:07:33]} 13. Qd2 {[%emt 0:01:03]} Na5 {[%emt 0:01:01]} 14. Qe2 {[%emt 0:01:35]} h6 {[%emt 0:02:30]} 15. Bh4 {[%emt 0:01:47]} Nb3 {[%emt 0:00:52]} 16. Rad1 {[%emt 0:00:11]} g5 {[%emt 0:03:39]} 17. Bg3 {[%emt 0:04:45]} Ne4 {[%emt 0:00:05]} 18. Ne5 {[%emt 0:05:27]} d6 {[%emt 0:03:39]} 19. Ng4 {[%emt 0:20:56]} Kg7 {[%emt 0:00:26]} 20. f4 {[%emt 0:06:44]} f5 {[%emt 0:03:10]} 21. Nf2 {[%emt 0:04:23]} Nxg3 {[%emt 0:03:41]} 22. hxg3 {[%emt 0:00:02]} gxf4 {[%emt 0:07:12]} 23. gxf4 {[%emt 0:02:38]} Qh4 {[%emt 0:00:08]} 24. Nh3 {[%emt 0:08:14]} Rg8 {[%emt 0:04:49]} 25. Qf2 {[%emt 0:00:12]} Qh5 {[%emt 0:00:10]} 26. Be2 {[%emt 0:00:12]} Qg6 {[%emt 0:00:47]} 27. Bf3 {[%emt 0:00:18]} Bxf3 {[%emt 0:01:20]} 28. Qxf3 {[%emt 0:00:02]} Kh8 {[%emt 0:05:14]} 29. Rf2 {[%emt 0:00:54]} Na5 {[%emt 0:00:12]} 30. Re2 {[%emt 0:03:26]} d5 {[%emt 0:00:11]} 31. Nf2 {[%emt 0:00:21]} Qg3 {[%emt 0:01:42]} 32. Qxg3 {[%emt 0:00:52]} Rxg3 {[%emt 0:00:05]} 33. Nd3 {[%emt 0:00:51]} Nb3 {[%emt 0:01:30]} 34. Kf2 {[%emt 0:00:12]} Rg7 {[%emt 0:01:36]} 35. Ne5 {[%emt 0:00:55]} Rgc7 {[%emt 0:00:21]} 36. Nd3 {[%emt 0:01:32]} Kg7 {[%emt 0:01:25]} 37. Kf3 {[%emt 0:00:02]} Rc2 {[%emt 0:00:27]} 38. Ne1 {[%emt 0:01:01]} R2c7 {[%emt 0:01:12]} 39. Nd3 {[%emt 0:00:16]} a5 {[%emt 0:00:17]} 40. Rg1 {[%emt 0:01:02]} Rc2 {[%emt 0:02:41]} 41. g4 {[%emt 0:10:34]} Nd2+ {[%emt 0:00:22]} 42. Kf2 {[%emt 0:01:16]} Ne4+ {[%emt 0:00:48]} 43. Kf1 {[%emt 0:00:05]} Rxe2 {[%emt 0:01:26]} 44. Kxe2 {[%emt 0:00:02]} Rc2+ {[%emt 0:00:29]} 45. Ke1 {[%emt 0:04:18]} Kf6 {[%emt 0:02:58]} 46. gxf5 {[%emt 0:00:49]} Kxf5 {[%emt 0:00:25]} 47. Rg8 {[%emt 0:01:34]} Kf6 {[%emt 0:04:31]} 48. Rf8+ {[%emt 0:02:08]} Kg7 {[%emt 0:01:53]} 49. Rb8 {[%emt 0:00:27]} h5 {[%emt 0:02:16]} 50. Rxb5 {[%emt 0:01:14]} h4 {[%emt 0:00:04]} 51. Rxa5 {[%emt 0:01:30]} h3 {[%emt 0:00:09]} 52. Ra7+ {[%emt 0:00:32]} Kh6 {[%emt 0:01:18]} 53. Ra8 {[%emt 0:01:24]} h2 {[%emt 0:01:14]} 54. Rh8+ {[%emt 0:00:05]} Kg7 {[%emt 0:00:14]} 55. Rh3 {[%emt 0:00:17]} Rg2 {[%emt 0:00:25]} 56. Nc5 {[%emt 0:03:05]} Nxc5 {[%emt 0:03:56]} 57. dxc5 {[%emt 0:00:04]} Rxb2 {[%emt 0:00:04]} 58. Kf1 {[%emt 0:00:19]} Kf6 {[%emt 0:00:26]} 59. c6 {[%emt 0:05:02]} Ke7 {[%emt 0:04:10]} 60. Rh7+ {[%emt 0:00:51]} 1/2-1/2

[Event "Schachfestival Open-A 2018"]
[Site "Lueneburg"]
[Date "2018.07.08"]
[Round "4"]
[White "Bosselmann, Tom Linus"]
[Black "Kumsiashvili, Nikoloz"]
[Result "0-1"]
[WhiteElo "2036"]
[BlackElo "2411"]
[Annotator "TA"]
[PlyCount "106"]
[EventDate "2018.07.06"]
[EventType "swiss"]
[EventCountry "GER"]
[SourceTitle "playchess.com"]
[Source "ChessBase"]
[SourceQuality "1"]

{[%evp 21,106,-14,-6,-35,-22,-32,-18,-13,-6,-83,-53,-44,-66,-73,-62,-66,-55,-122,-54,-106,-98,-151,-151,-143,-143,-155,-133,-122,-110,-119,6,9,0,-113,-110,-36,-25,-320,-328,-564,-563,-553,-541,-534,-244,-252,-228,-217,-121,-105,-113,-107,-104,-87,-106,-130,-102,-111,0,0,0,-113,-116,-110,-112,-156,-152,-197,-193,-298,-221,-177,-120,-117,-106,-241,-249,-410,-312,-531,-562,-555,-557,-620,-591,-630,-626]} 1. e4 c5 2. Nf3 d6 3. d4 cxd4 4. Nxd4 Nf6 5. Nc3 a6 6. Be3 Nbd7 7. Be2 e6 8. O-O b5 9. a3 Bb7 10. f3 {B84: Sizilianisch (Scheveninger System)} (10. Bd3 Be7 11. Qf3 O-O 12. Qg3 Nc5 13. Bh6 Ne8 14. Bd2 Rc8 15. Rad1 Qc7 16. Rfe1 Nxd3 17. cxd3 Kh8 {0-1 (71) Sevian,S (2556)-Huschenbeth,N (2541) Las Vegas 2015}) 10... Be7 11. Qe1 O-O {LiveBook: 4 Partien} 12. Qf2 {Die Stellung ist ausgeglichen.} Rc8 13. Rfd1 Ne5 14. Nb3 $146 ({Vorgänger:} 14. Rab1 Nc4 15. Bxc4 Rxc4 {0-1 (34) Ehrler,E-Schreiner,R Tirschenreuth 1982}) 14... Nfd7 15. f4 (15. Rd2 $11 {hält das Gleichgewicht.}) 15... Nc4 $17 16. Bxc4 Rxc4 17. Nd2 Rc8 18. Nb3 Qc7 19. Bd4 (19. h3 $15) 19... Qb8 (19... e5 $17 20. fxe5 Nxe5) 20. Re1 (20. Qg3 $15 e5 21. fxe5 dxe5 22. Be3) 20... e5 21. fxe5 (21. Ba7 $142 Qa8 22. Na5) 21... dxe5 22. Be3 Nf6 23. Qf3 {[#]} Nxe4 $1 {[%mdl 512]} 24. Nxe4 f5 25. Nbd2 Rxc2 ({Doch nicht} 25... Bxe4 $6 26. Nxe4 fxe4 27. Qxe4 $11) (25... fxe4 $17 26. Qg4 Rxc2 27. Qe6+ Rf7) 26. Qd1 $11 Rc6 27. Nc3 (27. Bg5 $1 $11 Bd8 28. Bxd8 Rxd8 29. Qb3+ Kh8 30. Ng5 Rxd2 31. Nf7+ Kg8 32. Nh6+ Kh8 33. Nf7+ Kg8 34. Nh6+ Kh8 35. Nf7+) 27... Rg6 $17 28. Nf3 {Schwarz sollte Sd5 verhindern.} e4 29. Nd2 $2 {[%mdl 8192]} (29. Nd5 $1 $11 {und Weiss muss sich keine Sorgen machen.} Bd8 30. Nf4 exf3 31. Nxg6 hxg6 32. gxf3) 29... f4 $19 30. Ncxe4 $2 (30. Nf1 fxe3 31. Ne2) 30... fxe3 31. Qb3+ Kh8 {( -> ...Txg2+!)} 32. Qxe3 Qe5 (32... Bd8 $142 33. Rac1 Bb6) 33. b4 {[#]} Bd8 $1 {[%cal Rd8b6]} 34. Nf3 Qb2 (34... Qd5 $19 35. Kh1 Bb6) 35. Qd2 $17 Qxd2 36. Nexd2 Bb6+ $40 {[%mdl 128] Schwarz will per K.O. gewinnen.} 37. Kh1 h6 38. Re2 Rd6 39. Rae1 Rd3 (39... Rfd8 $17 {Und weiter mit ...Td3 wäre nett.} 40. Re7 R8d7) 40. Ne5 $11 Rd6 41. Ne4 (41. Nef3 $1 $11 {bleibt in der Remisbreite.}) 41... Bxe4 $1 $17 42. Rxe4 Rf2 43. Nf3 Ra2 44. Ne5 Kh7 45. Nf7 (45. Nf3 $142) 45... Rf6 46. Ne5 Rxa3 ({Günstiger ist} 46... Rff2 $19 47. Nd7 Bc7) 47. Nd7 Rd6 48. Nf8+ (48. Nxb6 $17 Rxb6 49. Kg1) 48... Kg8 $19 49. Re8 $2 (49. Ne6) 49... Rd8 {Droht ...Txe8 und aus.} 50. h3 $2 (50. g4 {ist eine bessere Verteidigung.}) 50... Rxe8 {Schwarz steht klar auf Gewinn.} 51. Rxe8 Kf7 52. Rc8 Rd3 53. Kh2 Bd8 {Precision: Weiß = 23%, Schwarz = 55%.} 0-1